000 00732nam a2200277 a 4500
003 AR-BaBNM
005 20251128205822.0
008 082120s2002 ||||||||||||||000 | spa||
020 _a950-04-0186-X
040 _cAR-BaBNM
100 1 _aSnow, Peter G.
245 0 0 _aFuerzas políticas en la Argentina
260 _aBuenos Aires
_bEmecé
_c1979
300 _a241 p.
_btablas
504 _aBibliografía p. 220-234
650 4 _aCIENCIAS POLITICAS
650 4 _aFUERZAS ARMADAS
650 4 _aHISTORIA POLITICA
650 4 _aHISTORIA SOCIAL
650 4 _aPARTIDOS POLITICOS ARGENTINOS
650 4 _aIGLESIA
651 4 _aArgentina
700 1 _aOteiza Quirno, Alberto
_etraductor
942 _cBK
998 _cMariana
999 _c12942
_d12942